[Event "Quebec-ch Intercoll"]
[Site "Rimouski CAN"]
[Date "1996.04.05"]
[Round "1"]
[White "Doyon, Nicolas"]
[Black "Lesiege, Alexandre"]
[Result "0-1"]
[WhiteElo "1556"]
[BlackElo "2466"]
[WhiteFideId "-1"]
[WhiteFideId "-1"]
[PlyCount "99"]
[GameId "2160767912058536"]
[EventDate "1996.04.05"]
[EventType "swiss"]
[EventRounds "6"]
[EventCountry "CAN"]
[SourceTitle "EXT 2022"]
[Source "ChessBase"]
[SourceDate "2021.10.06"]
[SourceVersion "1"]
[SourceVersionDate "2021.10.06"]
[SourceQuality "1"]

1. b4 d5 2. Bb2 Bg4 3. Nf3 Nd7 4. e3 Ngf6 5. Be2 e6 6. a3 Bd6 7. d3 c6 8. Nbd2 a5 9. bxa5 Rxa5 10. c4 O-O 11. O-O Qe7 12. cxd5 cxd5 13. Qb3 Rfa8 14. Rfb1 b6 15. a4 e5 16. e4 Nc5 17. Qc2 Nxa4 18. exd5 Nxb2 19. Qxb2 Nxd5 20. Nc4 Rxa1 21. Rxa1 Rxa1+ 22. Qxa1 Nf4 23. Qa8+ Qf8 24. Qa2 Qb8 25. Ncxe5 Bxe5 26. Nxe5 Nxe2+ 27. Kf1 Bh5 28. g4 Nc3 29. Qc4 Nb1 30. Qc2 h6 31. gxh5 Qxe5 32. Qxb1 b5 33. Qe1 Qxh5 34. Qe8+ Kh7 35. Qe4+ f5 36. Qd5 Qd1+ 37. Kg2 Qg4+ 38. Kf1 b4 39. f3 Qf4 40. Ke1 Kg6 41. Qe6+ Kh5 42. Qe2 b3 43. Kd1 g5 44. Qe8+ Kh4 45. Qe1+ Kh3 46. Qf1+ Kxh2 47. Qf2+ Kh3 48. Qf1+ Kg3 49. Qg1+ Kxf3 50. Qf1+ 0-1

[Event "Quebec-ch intercoll."]
[Site "Rimouski CAN"]
[Date "1996.04.05"]
[Round "2"]
[White "Lesiege, Alexandre"]
[Black "Daniel, Robert"]
[Result "1-0"]
[WhiteElo "2466"]
[BlackElo "1644"]
[WhiteFideId "-1"]
[WhiteFideId "-1"]
[PlyCount "35"]
[GameId "2160767912058545"]
[EventDate "1996.04.05"]
[EventType "swiss"]
[EventRounds "6"]
[EventCountry "CAN"]
[SourceTitle "hb 2012"]

1. d4 b6 2. e4 e6 3. Bd3 Bb7 4. Nf3 Nf6 5. Qe2 c5 6. Nc3 Be7 7. O-O d5 8. dxc5 bxc5 9. exd5 Nxd5 10. Bb5+ Nc6 11. Nxd5 Qxd5 12. Rd1 Qf5 13. Ne5 Rc8 14. g4 Qf6 15. Qe4 O-O 16. Bxc6 Rxc6 17. Nxc6 Kh8 18. g5 1-0

[Event "Quebec-ch intercoll."]
[Site "Rimouski CAN"]
[Date "1996.04.06"]
[Round "3"]
[White "Pregent, Daniel"]
[Black "Lesiege, Alexandre"]
[Result "0-1"]
[WhiteElo "1566"]
[BlackElo "2466"]
[WhiteFideId "-1"]
[WhiteFideId "-1"]
[PlyCount "57"]
[GameId "2160767912058548"]
[EventDate "1996.04.05"]
[EventType "swiss"]
[EventRounds "6"]
[EventCountry "CAN"]
[SourceTitle "Echec+ 1996.07"]

1. d4 Nf6 2. c4 e6 3. Nf3 Bb4+ 4. Bd2 Qe7 5. Nc3 O-O 6. e3 d6 7. Be2 e5 8. Ne4 Bxd2+ 9. Nexd2 e4 10. Ng5 c5 11. Nb3 Nc6 12. Qd2 a5 13. d5 a4 14. Nc1 Ne5 15. h4 b5 16. Qc2 Nxc4 17. Bxc4 bxc4 18. Qxc4 h6 19. Nh3 Ba6 20. Qc2 Nxd5 21. Ne2 Nb4 22. Qc3 Nd3+ 23. Kd2 d5 24. Nhf4 d4 25. Qa3 Nxf2 26. Nd5 Qd6 27. Nef4 Nxh1 28. Rxh1 Bc4 29. Ng6 0-1

[Event "Quebec-ch intercoll."]
[Site "Rimouski CAN"]
[Date "1996.04.06"]
[Round "4"]
[White "Lesiege, Alexandre"]
[Black "Bergeron, Richard"]
[Result "1-0"]
[WhiteElo "2466"]
[BlackElo "1604"]
[WhiteFideId "-1"]
[WhiteFideId "-1"]
[PlyCount "55"]
[GameId "2160767912058551"]
[EventDate "1996.04.05"]
[EventType "swiss"]
[EventRounds "6"]
[EventCountry "CAN"]
[SourceTitle "hb 2012"]

1. f4 d5 2. Nf3 c5 3. e3 Nc6 4. b3 Bf5 5. Bb2 Nf6 6. Bb5 a6 7. Bxc6+ bxc6 8. O-O e6 9. Ne5 Qc7 10. d3 Bd6 11. Nd2 h5 12. Qe2 O-O-O 13. c4 Rhg8 14. Ndf3 Ng4 15. e4 f6 16. exf5 fxe5 17. fxe5 Be7 18. fxe6 d4 19. Bc1 g5 20. Kh1 Rdf8 21. Bd2 Rf5 22. Rae1 Rgf8 23. Kg1 Ne3 24. Bxe3 dxe3 25. Qxe3 g4 26. Nd2 Bg5 27. Qxg5 Rxg5 28. Rxf8+ 1-0

[Event "Quebec-ch intercoll."]
[Site "Rimouski CAN"]
[Date "1996.04.07"]
[Round "6"]
[White "Lesiege, Alexandre"]
[Black "Marineau, Remi"]
[Result "1-0"]
[WhiteElo "2466"]
[BlackElo "1750"]
[WhiteFideId "-1"]
[WhiteFideId "-1"]
[PlyCount "71"]
[GameId "2160767912058563"]
[EventDate "1996.04.05"]
[EventType "swiss"]
[EventRounds "6"]
[EventCountry "CAN"]
[SourceTitle "hb 2012"]

1. d4 d5 2. c4 e6 3. Nc3 c6 4. e4 dxe4 5. Nxe4 Bb4+ 6. Bd2 Qxd4 7. Bxb4 Qxe4+ 8. Be2 Nd7 9. Nf3 c5 10. Bc3 Ngf6 11. Qd6 Qg6 12. Nd2 a5 13. Bf3 Ra6 14. Qc7 O-O 15. O-O-O b5 16. cxb5 Rb6 17. Nc4 Rxb5 18. Bc6 Rb8 19. Nxa5 Ne4 20. Bxe4 Qxe4 21. Rhe1 Qa4 22. a3 Rb5 23. f3 Qh4 24. Rxd7 Bxd7 25. Qxd7 Rfb8 26. Nc6 Rb3 27. Nxb8 Rxc3+ 28. bxc3 Qxe1+ 29. Kc2 g6 30. Nc6 Qa1 31. Ne5 Qa2+ 32. Kd3 Qb1+ 33. Kc4 Qa2+ 34. Kd3 Qb1+ 35. Kc4 Qa2+ 36. Kxc5 1-0

[Event "New York CITS B"]
[Site "New York USA"]
[Date "1996.03.17"]
[Round "1"]
[White "Lima, Darcy"]
[Black "Lesiege, Alexandre"]
[Result "0-1"]
[WhiteElo "2475"]
[BlackElo "2450"]
[WhiteFideId "-1"]
[WhiteFideId "-1"]
[PlyCount "70"]
[GameId "2129405179146177"]
[EventDate "1996.03.17"]
[EventType "tourn"]
[EventRounds "11"]
[EventCountry "USA"]
[SourceTitle "Echec+ 1996.07"]

1. d4 d5 2. c4 e6 3. Nc3 c6 4. e4 dxe4 5. Nxe4 Bb4+ 6. Bd2 Qxd4 7. Bxb4 Qxe4+ 8. Ne2 Na6 9. Bf8 Ne7 10. Bxg7 Nb4 11. Bxh8 e5 12. Qd6 Nc2+ 13. Kd2 Bf5 14. Rd1 Rd8 15. Qxd8+ Kxd8 16. Ng3 Qf4+ 17. Kc3+ Nd5+ 18. Kb3 Bg6 19. a3 Nd4+ 20. Rxd4 Qxd4 21. cxd5 Qd1+ 22. Kb4 Qd2+ 23. Kb3 Bc2+ 24. Ka2 Qxd5+ 25. Bc4 Qxc4+ 26. Ka1 Qd5 27. f3 b5 28. Re1 Qd2 29. Rf1 Qe3 30. f4 exf4 31. Bf6+ Kc8 32. Bg5 b4 33. Bxf4 Qd3 34. Bc1 Qb3 35. Rf3 Bd3 0-1

[Event "New York CITS B"]
[Site "New York USA"]
[Date "1996.03.18"]
[Round "2"]
[White "Gallego, Francisco"]
[Black "Lesiege, Alexandre"]
[Result "1-0"]
[WhiteElo "2395"]
[BlackElo "2450"]
[WhiteFideId "-1"]
[WhiteFideId "-1"]
[PlyCount "57"]
[GameId "2129405179146178"]
[EventDate "1996.03.17"]
[EventType "tourn"]
[EventRounds "11"]
[EventCountry "USA"]
[SourceTitle "Echec+ 1996.07"]

1. e4 c5 2. Nf3 d6 3. d4 cxd4 4. Qxd4 Nc6 5. Bb5 Bd7 6. Bxc6 Bxc6 7. Nc3 e5 8. Qd3 h6 9. O-O Nf6 10. a4 Be7 11. Be3 O-O 12. Rfd1 b6 13. Nd2 Qc7 14. Nb5 Qb7 15. Nxd6 Bxd6 16. Qxd6 Nxe4 17. Qxe5 Rae8 18. Qf5 Nxd2 19. Rxd2 Bxg2 20. Rd6 Re4 21. Rad1 Rh4 22. Rd8 Bh1 23. Kf1 Bf3 24. Rxf8+ Kxf8 25. Rd8+ Ke7 26. Rd2 f6 27. Bf4 Rg4 28. Rd3 Be4 29. Re3 1-0

[Event "New York CITS B"]
[Site "New York USA"]
[Date "1996.03.24"]
[Round "7"]
[White "Lesiege, Alexandre"]
[Black "Fedorowicz, John"]
[Result "1-0"]
[WhiteElo "2450"]
[BlackElo "2510"]
[WhiteFideId "-1"]
[WhiteFideId "-1"]
[PlyCount "21"]
[GameId "2129405179146179"]
[EventDate "1996.03.17"]
[EventType "tourn"]
[EventRounds "11"]
[EventCountry "USA"]
[SourceTitle "Echec+ 1996.07"]

1. d4 Nf6 2. c4 c5 3. Nf3 cxd4 4. Nxd4 b6 5. Nc3 Bb7 6. Bg5 d6 7. Bxf6 gxf6 8. e3 e6 9. Qh5 Qc8 10. Be2 Qc5 11. Nxe6 1-0

[Event "New York CITS B"]
[Site "New York USA"]
[Date "1996.03.25"]
[Round "8"]
[White "Sagalchik, Gennadij"]
[Black "Lesiege, Alexandre"]
[Result "1-0"]
[WhiteElo "2515"]
[BlackElo "2450"]
[WhiteFideId "-1"]
[WhiteFideId "-1"]
[PlyCount "49"]
[GameId "2129405179146180"]
[EventDate "1996.03.17"]
[EventType "tourn"]
[EventRounds "11"]
[EventCountry "USA"]
[SourceTitle "Echec+ 1996.07"]

1. e4 e5 2. d4 exd4 3. Qxd4 Nc6 4. Qe3 Nf6 5. Nc3 Bb4 6. Bd2 O-O 7. O-O-O Re8 8. Qg3 Rxe4 9. a3 Ba5 10. Be2 Nd4 11. Bd3 Rg4 12. Qh3 d5 13. f3 Rf4 14. Qg3 Nh5 15. Qe1 Bxc3 16. Bxc3 c5 17. Qe5 Bf5 18. Bxd4 f6 19. Qe1 Bxd3 20. Be3 Bg6 21. Bxf4 Nxf4 22. g3 Nh5 23. Qd2 Qc7 24. Ne2 Re8 25. Qxd5+ 1-0

[Event "Interclubs"]
[Site "Montreal CAN"]
[Date "1996.05.04"]
[Round "5"]
[White "Hebert, Jean"]
[Black "Lesiege, Alexandre"]
[Result "1/2-1/2"]
[WhiteElo "2460"]
[BlackElo "2451"]
[WhiteFideId "-1"]
[WhiteFideId "-1"]
[PlyCount "62"]
[GameId "2160767912058678"]
[EventDate "1996.03.01"]
[EventRounds "5"]
[EventCountry "CAN"]
[SourceTitle "hb 2012"]

1. d4 Nf6 2. Nf3 g6 3. c4 Bg7 4. Nc3 O-O 5. e4 d6 6. Be2 Bg4 7. Be3 Nfd7 8. Rc1 e5 9. O-O Nc6 10. d5 Bxf3 11. Bxf3 Nd4 12. Bxd4 exd4 13. Nb5 a6 14. Nxd4 Qf6 15. Nb3 Qxb2 16. Rc2 Qa3 17. Qd2 a5 18. Rb1 a4 19. Nd4 Qc5 20. Ne2 Qa7 21. Nc1 Bd4 22. Nd3 Rfe8 23. g3 Re7 24. Kg2 Rae8 25. Qb4 b6 26. Qd2 Bc5 27. Qf4 Qa8 28. h4 Ne5 29. Be2 Nd7 30. Bf3 Ne5 31. Be2 Nd7 1/2-1/2

[Event "Marshall CC"]
[Site "New York USA"]
[Date "1996.01.18"]
[Round "8"]
[White "Lesiege, Alexandre"]
[Black "De Firmian, Nick"]
[Result "1-0"]
[WhiteElo "2450"]
[BlackElo "2500"]
[WhiteFideId "-1"]
[WhiteFideId "-1"]
[PlyCount "80"]
[GameId "2129405179205484"]
[EventDate "1996.01.08"]
[EventType "tourn"]
[EventRounds "9"]
[EventCountry "USA"]
[SourceTitle "Echec+ 1996.03"]

1. d4 Nf6 2. c4 e6 3. Nc3 Bb4 4. e3 b6 5. Bd3 Bb7 6. Nf3 O-O 7. O-O c5 8. Na4 cxd4 9. exd4 Re8 10. a3 Bf8 11. Re1 d6 12. Nc3 Nbd7 13. b4 h6 14. Bb2 a6 15. Bf1 Rc8 16. Nd2 g6 17. Nb3 Bg7 18. a4 d5 19. cxd5 exd5 20. a5 Ne4 21. Nxe4 dxe4 22. axb6 Qxb6 23. Nc5 Nb8 24. Qb3 Rcd8 25. Bc4 Re7 26. Rad1 Nc6 27. d5 Nxb4 28. Bxg7 Kxg7 29. Qc3+ Kh7 30. Nxe4 Rde8 31. Nf6+ Qxf6 32. Qxf6 Rxe1+ 33. Bf1 R1e7 34. Qd6 a5 35. f3 Re1 36. Qf6 Kg8 37. Rxe1 Rxe1 38. Kf2 Rxf1+ 39. Kxf1 Nxd5 40. Qd6 Kg7 1-0

[Event "Marshall CC"]
[Site "New York USA"]
[Date "1996.01.19"]
[Round "9"]
[White "Gufeld, Eduard"]
[Black "Lesiege, Alexandre"]
[Result "0-1"]
[WhiteElo "2550"]
[BlackElo "2450"]
[WhiteFideId "-1"]
[WhiteFideId "-1"]
[PlyCount "82"]
[GameId "2129405179205485"]
[EventDate "1996.01.08"]
[EventType "tourn"]
[EventRounds "9"]
[EventCountry "USA"]
[SourceTitle "Echec+ 1996.03"]

1. e4 e5 2. Nf3 Nc6 3. Bb5 a6 4. Ba4 Nf6 5. O-O Be7 6. Re1 b5 7. Bb3 d6 8. c3 O-O 9. h3 h6 10. d4 Re8 11. Nbd2 Bf8 12. Nf1 Bd7 13. Ng3 Na5 14. Bc2 c5 15. b3 Nc6 16. Be3 Rc8 17. d5 Ne7 18. b4 cxb4 19. cxb4 Qc7 20. Bb3 Ng6 21. Nh2 Be7 22. Ng4 Qc3 23. Bd2 Qd4 24. Nf5 Bxf5 25. exf5 Nf4 26. Rb1 Nxg4 27. hxg4 Bh4 28. Be3 Qe4 29. Qf3 Qxf3 30. gxf3 Nd3 31. Red1 Nxb4 32. Rb2 e4 33. fxe4 Rxe4 34. a3 Bf6 35. Rbb1 Rxg4+ 36. Kf1 Nc2 37. Rbc1 Nxe3+ 38. fxe3 Re8 39. Rd3 Re5 40. Rc8+ Kh7 41. Bc2 Rxf5+ 0-1

[Event "Outaouais op"]
[Site "Hull CAN"]
[Date "1995.11.19"]
[Round "4"]
[White "Lesiege, Alexandre"]
[Black "Hergott, Deen"]
[Result "1/2-1/2"]
[WhiteElo "2500"]
[BlackElo "2445"]
[WhiteFideId "-1"]
[WhiteFideId "-1"]
[PlyCount "76"]
[GameId "2160767912063670"]
[EventDate "1995.11.17"]
[EventType "swiss"]
[EventRounds "5"]
[EventCountry "CAN"]

1. d4 e6 2. c4 b6 3. a3 Bb7 4. Nc3 f5 5. Nf3 Nf6 6. d5 a5 7. g3 Na6 8. Bg2 Bc5 9. O-O O-O 10. Qc2 Qe8 11. dxe6 dxe6 12. Bf4 e5 13. Bxe5 Bxf3 14. exf3 Qxe5 15. f4 Qe6 16. Rfe1 Qxc4 17. Bxa8 Rxa8 18. Qxf5 Qd4 19. Re2 Qd7 20. Qxd7 Nxd7 21. Rd1 Nf6 22. Kg2 Kf7 23. f5 Re8 24. Rxe8 Nxe8 25. Rd7+ Kf8 26. Ne4 Be7 27. Rd1 Nc5 28. Nxc5 Bxc5 29. Rd7 Bd6 30. f4 Nf6 31. Rd8+ Ke7 32. Rh8 Kf7 33. Kf3 h6 34. g4 Nd5 35. Rd8 Ke7 36. Rg8 Kf7 37. Rd8 Ke7 38. Rg8 Kf7 1/2-1/2

[Event "Quebec-ch classe"]
[Site "Montreal CAN"]
[Date "1995.10.06"]
[Round "2"]
[White "Reeve, Jeff"]
[Black "Lesiege, Alexandre"]
[Result "1-0"]
[WhiteElo "2234"]
[BlackElo "2478"]
[WhiteFideId "-1"]
[WhiteFideId "-1"]
[PlyCount "59"]
[GameId "2160767912063698"]
[EventDate "1995.10.06"]
[EventType "swiss"]
[EventRounds "5"]
[EventCountry "CAN"]
[SourceTitle "Echec+ 1996.01"]

1. e4 c5 2. Nf3 d6 3. d4 cxd4 4. Nxd4 Nf6 5. Nc3 a6 6. Bg5 e6 7. f4 Be7 8. Qf3 Qc7 9. O-O-O Nbd7 10. Bd3 b5 11. Rhe1 Bb7 12. Qg3 b4 13. Nd5 exd5 14. e5 dxe5 15. fxe5 Nh5 16. e6 Nxg3 17. exf7+ Kf8 18. Rxe7 Qe5 19. Ne6+ Qxe6 20. Rxe6 Nh5 21. Rde1 Nhf6 22. Bxf6 Nxf6 23. Rb6 Rb8 24. Bxa6 Kxf7 25. Bxb7 Rhd8 26. Rxb4 Kg6 27. a3 Rd6 28. Re3 h5 29. h3 Kh6 30. c3 1-0

[Event "Quebec-ch semi-rapide"]
[Site "Montreal CAN"]
[Date "1995.09.17"]
[Round "4"]
[White "Hebert, Jean"]
[Black "Lesiege, Alexandre"]
[Result "0-1"]
[WhiteElo "2422"]
[BlackElo "2363"]
[WhiteFideId "-1"]
[WhiteFideId "-1"]
[PlyCount "90"]
[GameId "2160767912063718"]
[EventDate "1995.09.17"]
[EventType "swiss (rapid)"]
[EventRounds "6"]
[EventCountry "CAN"]

1. Nf3 d5 2. g3 Nf6 3. Bg2 g6 4. O-O Bg7 5. d3 O-O 6. Nc3 d4 7. Nb5 c5 8. c4 Nc6 9. e4 e5 10. Nh4 Ne8 11. Bd2 a6 12. Na3 Nd6 13. Nc2 b5 14. b3 bxc4 15. dxc4 a5 16. Ne1 Bb7 17. Nd3 Qb6 18. f4 exf4 19. Bxf4 Nb4 20. Nf2 d3 21. Rb1 Nxa2 22. Qxd3 Rad8 23. Qc2 Nb4 24. Qe2 Nc6 25. Nf3 Rfe8 26. Rfd1 Nd4 27. Nxd4 Bxd4 28. e5 Bxg2 29. Kxg2 f5 30. Qf3 Nf7 31. Nd3 Re6 32. h4 Qc6 33. Qxc6 Rxc6 34. Kf3 Rb8 35. e6 Nd6 36. Bxd6 Rxd6 37. Nf4 Rdb6 38. Nd5 Rxe6 39. Rd2 h6 40. Ra2 g5 41. hxg5 hxg5 42. Rxa5 Re4 43. g4 Rxg4 44. Rh1 Rxb3+ 45. Ke2 Rg2+ 0-1

[Event "Montreal op"]
[Site "Montreal CAN"]
[Date "1995.??.??"]
[Round "7"]
[White "Lesiege, Alexandre"]
[Black "Berelowitsch, Alexander"]
[Result "1-0"]
[WhiteElo "2480"]
[BlackElo "2455"]
[WhiteFideId "-1"]
[WhiteFideId "-1"]
[PlyCount "89"]
[GameId "2160767912063769"]
[EventDate "1995.09.02"]
[EventType "swiss"]
[EventRounds "5"]
[EventCountry "CAN"]
[SourceTitle "EXT 1997"]
[Source "ChessBase"]
[SourceDate "1996.11.15"]
[SourceVersion "1"]
[SourceVersionDate "1996.11.15"]
[SourceQuality "1"]

1. d4 d5 2. c4 Bf5 3. Nc3 e6 4. Qb3 Nc6 5. cxd5 exd5 6. Nf3 Bb4 7. e3 Nge7 8. Be2 O-O 9. O-O Bxc3 10. Qxc3 Qd6 11. Bd2 Nd8 12. b4 Ne6 13. b5 Rfc8 14. Rfc1 Bg4 15. Qb3 Qd8 16. Bb4 Ng6 17. Rc2 Bf5 18. Rc3 Bg4 19. h3 Bxf3 20. Bxf3 c6 21. bxc6 bxc6 22. Rac1 Qd7 23. Qc2 Rcb8 24. Qa4 Nd8 25. Qa3 a5 26. Bd6 Rb5 27. Bg4 Qb7 28. Bf5 a4 29. g3 Rba5 30. h4 h5 31. Bd3 Qd7 32. Be2 R5a7 33. Bxh5 Nh8 34. Bf3 f6 35. R3c2 Nhf7 36. Bc5 Rb7 37. e4 dxe4 38. Bxe4 g5 39. Qf3 gxh4 40. Qxf6 Qg4 41. Qxh4 Qxh4 42. gxh4 Ra6 43. Kh2 Kg7 44. Rg1+ Kh6 45. Bf8+ 1-0

[Event "Festival gourmands"]
[Site "Asbestos CAN"]
[Date "1995.08.26"]
[Round "2"]
[White "Levtchouk, George"]
[Black "Lesiege, Alexandre"]
[Result "0-1"]
[WhiteElo "2319"]
[BlackElo "2461"]
[WhiteFideId "-1"]
[WhiteFideId "-1"]
[PlyCount "64"]
[GameId "2160767912063779"]
[EventDate "1995.08.25"]
[EventType "swiss"]
[EventRounds "5"]
[EventCountry "CAN"]
[SourceTitle "hb 2011"]

1. d4 d5 2. c4 dxc4 3. Nf3 Nf6 4. Nc3 c6 5. a4 Bf5 6. e3 e6 7. Bxc4 Bb4 8. O-O Nbd7 9. Qb3 a5 10. Na2 Bd6 11. Qxb7 Rb8 12. Qa6 O-O 13. Be2 Qc7 14. Bd2 Rxb2 15. Bxa5 Qb8 16. Bc3 Rb3 17. Rfc1 Ba3 18. Rf1 Nd5 19. Ba5 Bb2 20. Rae1 Qa8 21. Qxa8 Rxa8 22. Bd2 Ra3 23. Nb4 Nxb4 24. Bxb4 R3xa4 25. Bd2 Rb8 26. Bd1 Ra2 27. Be2 c5 28. dxc5 Nxc5 29. Bc4 Ra4 30. Be2 h6 31. Rd1 Bc2 32. Rde1 Nd3 0-1

[Event "North Bay int."]
[Site "North Bay CAN"]
[Date "1995.08.03"]
[Round "1"]
[White "Khoudgarian, Natalia"]
[Black "Lesiege, Alexandre"]
[Result "0-1"]
[WhiteElo "2286"]
[BlackElo "2532"]
[WhiteFideId "-1"]
[WhiteFideId "-1"]
[PlyCount "66"]
[GameId "2160767912063849"]
[EventDate "1995.08.03"]
[EventType "swiss"]
[EventRounds "8"]
[EventCountry "CAN"]
[SourceTitle "EXT 86ch"]

1. e4 c5 2. Nf3 d6 3. c3 Nf6 4. Be2 g6 5. O-O Bg7 6. Re1 O-O 7. Bf1 Nc6 8. h3 e5 9. c4 Nh5 10. Nc3 Nf4 11. Nd5 Ne6 12. a3 f5 13. d3 b6 14. b4 Bd7 15. Bd2 Ncd4 16. Nxd4 cxd4 17. exf5 gxf5 18. f4 Bc6 19. Qf3 Rc8 20. g3 Kh8 21. Bg2 Qd7 22. Qh5 b5 23. Rac1 Qb7 24. fxe5 dxe5 25. Bh6 bxc4 26. dxc4 e4 27. Rf1 Bxd5 28. cxd5 Rxc1 29. Rxc1 Qxd5 30. Bxg7+ Nxg7 31. Qh6 d3 32. Rc7 Qd4+ 33. Kh2 d2 0-1

[Event "North Bay int."]
[Site "North Bay CAN"]
[Date "1995.08.03"]
[Round "2"]
[White "Lesiege, Alexandre"]
[Black "Littke, Adam"]
[Result "1/2-1/2"]
[WhiteElo "2532"]
[BlackElo "2355"]
[WhiteFideId "-1"]
[WhiteFideId "-1"]
[PlyCount "59"]
[GameId "2160767912063881"]
[EventDate "1995.08.03"]
[EventType "swiss"]
[EventRounds "8"]
[EventCountry "CAN"]

1. d4 Nf6 2. c4 e6 3. Nc3 Bb4 4. Bd2 O-O 5. a3 Bxc3 6. Bxc3 Ne4 7. Rc1 d6 8. Nf3 Qe7 9. e3 Nd7 10. Be2 Ndf6 11. O-O Nxc3 12. Rxc3 Ne4 13. Rc2 Bd7 14. Nd2 Nxd2 15. Qxd2 e5 16. Rfc1 c6 17. d5 c5 18. b4 b6 19. bxc5 bxc5 20. Rb2 Bf5 21. Rc3 Rab8 22. Rcb3 Qc7 23. Bd3 Rxb3 24. Rxb3 Bxd3 25. Qxd3 Rb8 26. Kf1 Rxb3 27. Qxb3 Kf8 28. Qb5 Ke7 29. Ke2 Qd7 30. Qxd7+ 1/2-1/2

[Event "North Bay int."]
[Site "North Bay CAN"]
[Date "1995.08.04"]
[Round "4"]
[White "Lesiege, Alexandre"]
[Black "Saleh, Maher"]
[Result "1/2-1/2"]
[WhiteElo "2532"]
[BlackElo "2236"]
[WhiteFideId "-1"]
[WhiteFideId "-1"]
[PlyCount "56"]
[GameId "2160767912063929"]
[EventDate "1995.08.03"]
[EventType "swiss"]
[EventRounds "8"]
[EventCountry "CAN"]

1. d4 Nf6 2. Nf3 g6 3. Bg5 Bg7 4. Nbd2 O-O 5. c3 c5 6. dxc5 Na6 7. Bxf6 Bxf6 8. Ne4 Bg7 9. e3 Qc7 10. b4 b6 11. Rc1 bxc5 12. Bxa6 Bxa6 13. Nxc5 Bb5 14. c4 Bc6 15. O-O d6 16. Nd3 Qb7 17. b5 Be4 18. Qe2 a6 19. Nb4 axb5 20. cxb5 Ra3 21. Rfd1 Rfa8 22. Na6 Ra5 23. a4 Rxa4 24. Ng5 Rc8 25. Nxe4 Rxc1 26. Rxc1 Qxe4 27. h3 Be5 28. Qg4 Rc4 1/2-1/2

[Event "North Bay int."]
[Site "North Bay CAN"]
[Date "1995.08.05"]
[Round "5"]
[White "Golyak, Isay"]
[Black "Lesiege, Alexandre"]
[Result "1/2-1/2"]
[WhiteElo "2342"]
[BlackElo "2532"]
[WhiteFideId "-1"]
[WhiteFideId "-1"]
[PlyCount "106"]
[GameId "2160767912063945"]
[EventDate "1995.08.03"]
[EventType "swiss"]
[EventRounds "8"]
[EventCountry "CAN"]

1. b4 e5 2. Bb2 Bxb4 3. Bxe5 Nf6 4. c4 O-O 5. Nf3 Nc6 6. Bb2 d5 7. cxd5 Nxd5 8. e3 Qd6 9. Be2 Qg6 10. O-O Bh3 11. Ne1 Rad8 12. Kh1 Bf5 13. d4 Bxe1 14. Rxe1 Ncb4 15. Na3 Be4 16. Rg1 Qg5 17. Bf3 Nxe3 18. Qe1 Nbc2 19. Nxc2 Nxc2 20. Qc1 Qxc1 21. Raxc1 Bg6 22. Bd1 Nb4 23. Rxc7 Nd3 24. Rc2 Rfe8 25. h3 Rd6 26. Ba1 h5 27. Rc7 Rde6 28. Ba4 R8e7 29. Rxe7 Rxe7 30. d5 a6 31. d6 Re6 32. Kh2 Rxd6 33. Rd1 b5 34. Bc2 f6 35. Bxd3 Bxd3 36. Bc3 Kf7 37. Bb4 Rd5 38. a3 Ke6 39. Re1+ Re5 40. Rxe5+ Kxe5 41. Kg3 g6 42. Kf3 Kd5 43. Be7 Ke6 44. Bb4 Kd5 45. g4 Kc4 46. Ke3 Bf1 47. gxh5 gxh5 48. h4 Kb3 49. Kd2 Bg2 50. f4 Be4 51. Ke3 Bf5 52. Kd4 Ka4 53. Kc3 a5 1/2-1/2

[Event "North Bay int."]
[Site "North Bay CAN"]
[Date "1995.08.05"]
[Round "6"]
[White "Lesiege, Alexandre"]
[Black "Karklins, Andrew"]
[Result "1-0"]
[WhiteElo "2532"]
[BlackElo "2371"]
[WhiteFideId "-1"]
[WhiteFideId "-1"]
[PlyCount "68"]
[GameId "2160767912063971"]
[EventDate "1995.08.03"]
[EventType "swiss"]
[EventRounds "8"]
[EventCountry "CAN"]

1. d4 Nf6 2. c4 e6 3. Nc3 Bb4 4. e3 c5 5. Bd3 Nc6 6. Nge2 d6 7. O-O Bd7 8. Bd2 Rc8 9. a3 Ba5 10. Nb5 Ke7 11. b4 Bb6 12. Nxd6 Kxd6 13. bxc5+ Bxc5 14. dxc5+ Ke7 15. Bc3 Qc7 16. Ng3 Ne5 17. Be2 Nc6 18. Qc2 h5 19. Ne4 Nxe4 20. Qxe4 Rcg8 21. Rad1 h4 22. Rd6 Rh6 23. Rfd1 Be8 24. Bf3 g5 25. Be5 Qa5 26. R6d2 f5 27. Bd6+ Kf7 28. Qb1 Nd8 29. c6 Bxc6 30. Bxc6 bxc6 31. Qb8 Rh7 32. Bc7 Qc3 33. Rxd8 Rxd8 34. Qxd8 Rh8 1-0

[Event "North Bay int."]
[Site "North Bay CAN"]
[Date "1995.08.06"]
[Round "7"]
[White "Lesiege, Alexandre"]
[Black "Beckwith, Paul"]
[Result "1-0"]
[WhiteElo "2532"]
[BlackElo "2204"]
[WhiteFideId "-1"]
[WhiteFideId "-1"]
[PlyCount "63"]
[GameId "2160767912063994"]
[EventDate "1995.08.03"]
[EventType "swiss"]
[EventRounds "8"]
[EventCountry "CAN"]

1. d4 d5 2. c4 dxc4 3. e3 Nf6 4. Bxc4 e6 5. Nf3 Be7 6. O-O O-O 7. Qe2 c5 8. dxc5 Bxc5 9. e4 Nc6 10. e5 Nd7 11. Rd1 a6 12. Nc3 Qc7 13. Bf4 b5 14. Bd3 Be7 15. Ne4 Rd8 16. Rac1 Bb7 17. Nd6 Nf8 18. Nxb7 Qxb7 19. Be4 Rac8 20. Rxd8 Bxd8 21. Rxc6 Rxc6 22. Nd4 Ng6 23. Bxc6 Qb6 24. Be3 Nxe5 25. Nxe6 Qxc6 26. Nxd8 Qe4 27. h3 Nc4 28. b3 Nd6 29. Qd2 Nf5 30. Qd7 h6 31. Qxf7+ Kh7 32. Ne6 1-0

[Event "North Bay int."]
[Site "North Bay CAN"]
[Date "1995.08.06"]
[Round "8"]
[White "Yermolinsky, Alex"]
[Black "Lesiege, Alexandre"]
[Result "0-1"]
[WhiteElo "2614"]
[BlackElo "2532"]
[WhiteFideId "-1"]
[WhiteFideId "-1"]
[PlyCount "114"]
[GameId "2160767912064026"]
[EventDate "1995.08.03"]
[EventType "swiss"]
[EventRounds "8"]
[EventCountry "CAN"]
[SourceTitle "EXT 86ch"]

1. d4 d5 2. c4 dxc4 3. e4 Nc6 4. Be3 Nf6 5. Nc3 e5 6. d5 Ne7 7. Bxc4 Ng6 8. Nf3 Bd6 9. Bb5+ Nd7 10. O-O O-O 11. Rc1 a6 12. Bd3 Qe7 13. Ne2 Nf6 14. Ng3 Nf4 15. Bb1 g6 16. Re1 h5 17. Bxf4 exf4 18. Nf5 gxf5 19. e5 Bb4 20. exf6 Qxf6 21. Re2 Bd6 22. Qd4 Qg7 23. Rce1 Bd7 24. Bd3 Rae8 25. b3 a5 26. a4 Rxe2 27. Rxe2 Re8 28. Rxe8+ Bxe8 29. Bxf5 Qxd4 30. Nxd4 Kg7 31. Bd3 Kf8 32. Nf3 Bc5 33. Kf1 Ke7 34. Ke2 Kd6 35. Bc4 f6 36. Ne1 Bg6 37. f3 Bg1 38. h3 Bf7 39. Nd3 Bh2 40. Nf2 f5 41. Kd3 Bg1 42. Nd1 Kc5 43. Nc3 Bd4 44. Nb5 Be5 45. Na3 Bxd5 46. Bxd5 Kxd5 47. Nc4 b6 48. Na3 Kc5 49. Nc4 Bf6 50. Nd2 Kb4 51. Kc2 h4 52. Nb1 c6 53. Nd2 b5 54. Kd3 Bc3 55. Nb1 Be1 56. axb5 cxb5 57. Kc2 Kc5 0-1